00439nam a2200169Ia 450000500170000000800410001702000130005804000190007104100120009008200200010210000150012224500670013726000240020430000120022850400190024085000100025920230511111627.0131103s9999 xx 000 0 und d a57108906 aLoreto College aEnglish a823.91bHAR-GRE aGregor,Ian 4aThe great webb the form of Hardy's major fiction cIan Gregor aLondonbFaberc1975 a236 p.  aIncludes index aLCLIB